Teoretické a praktické aspekty počúvania s porozumením a akademického počúvania

Salvato in:
Dettagli Bibliografici
Autore principale: Zsapková, Eleonóra
Natura: Capitolo di libro
Lingua:slovacco
Tags: Aggiungi Tag
Nessun Tag, puoi essere il primo ad aggiungerne!!

MARC

LEADER 00000naa$a2200000$$$4500
001 0247543
005 20240502083700.2
041 0 |a slo 
044 |a CZ 
245 1 0 |a Teoretické a praktické aspekty počúvania s porozumením a akademického počúvania  |c Eleonóra Zsapková 
100 1 |a Zsapková, Eleonóra